Statistics for Fun with portmanteaux: soccer version

Click here to take the quiz!

General Stats

  • This quiz has been taken 4 times
  • The average score is 6 of 15

Answer Stats

Pairs of cluesNew name% Correct
London & pet rodentsWest Hamsters
100%
Stamford Bridge & queasy on boardChelseasick
67%
Refusal & LiverpoolNeverton
67%
Pompey & ResuscitationPortsmouth-to-mouth
67%
Arrow weapon & DorsetCrossbournemouth
33%
Sales tactic & ParkheadHard Seltic
33%
Aladdin character & LondonJafarsenal
33%
Lanarkshire & bootsMotherwellies
33%
Chemical weapon & BirminghamMustard Gaston Villa
33%
Nasal wound & Elland RoadNosebleeds United
33%
Glasgow & Engine igniterQueenspark plug
33%
Sheath & Northern ScotlandScabberdeen
33%
Terrible heat injuries & LancashireThird degree Burnleys
33%
Sceptic & AnfieldUnbelieverpool
33%
Expel from country & PotteriesDeport Vale
0%

Score Distribution

Percentile by Number Answered

Percent of People with Each Score

Your Score History

You have not taken this quiz